Crisis y renovación : cómo enfrentar el desafío del cambio en las organizaciones /

Guardado en:
Autor Principal: Hurst, David K.
Formato: Libro
Idioma:Spanish
Publicado: Buenos Aires : Temas Grupo Editorial, c1998.
Materias:
Etiquetas: Agregar Etiqueta
Sin Etiquetas, Sea el primero en etiquetar este registro!
LEADER 00696nam a22001815 4500
001 EAD.ead003115
008 080718s1998####ag#a#####b####001#0#spa#d
005 20120309110120.0
245 1 0 |a Crisis y renovación :  |b cómo enfrentar el desafío del cambio en las organizaciones /  |c David K. Hurst ; traducción: Emilia Ghelfi. 
260 |a Buenos Aires :  |b Temas Grupo Editorial,  |c c1998. 
300 |a 278 p. :  |b il. ;  |c 23 cm. 
504 |a Incluye referencias bibliográficas e índice. 
020 |a 9879164113 
100 1 |a Hurst, David K. 
082 0 4 |a 658.406  |2 21 
650 7 |a Cambio organizacional.  |2 unbist 
650 7 |a Aprendizaje.  |2 isoc 
859 |a AR-BaBDC  |b BIB. ADMINISTRACION - Libros  |h 658.406  |i H943  |p b04315